000 00679cam a2200205 4500
001 WB3639-34
008 000000n2000 000 0 eng u
035 _a(Sirsi) u108582
245 _aBritain's first inner city science park
260 _c2000
490 _aFinancial Times
_v 3 October 2000, 5(1)
520 _aDescribes Glasgow's plans for a £60m science park on a 550,000 sq ft brownfield site which would create 3,000 jobs. It would be Britain's first innercity science park.
590 _aWB
650 _aGLASGOW
650 _aINNER CITY REDEVELOPMENT
650 _aSCIENCE PARKS
650 _aBROWNFIELD DEVELOPMENT
690 _aREGENERATION
942 _n0
999 _c64819
_d64819